|
|
|
|
| LEADER |
00000nam a2200000 a 4500 |
| 001 |
vtls009325962 |
| 003 |
SK-MaSNL |
| 005 |
20260301052314.0 |
| 008 |
240313s2008 xo dl e p 000 0 slo |
| 015 |
|
|
|a SNBA2008/10-04558
|
| 020 |
|
|
|a 9788010014781
|q (brož.)
|
| 035 |
|
|
|a 44A7830C-452F-4C9D-BC36-B827C0421158
|
| 035 |
|
|
|a urn:nbn:sk:snk-amjvo6
|
| 035 |
|
|
|a urn:nbn:sk:snk-am0056pl
|
| 040 |
|
|
|a SNK
|b slo
|c SNK
|e AACR2
|
| 041 |
0 |
|
|a slo
|
| 044 |
|
|
|a xo
|c SK
|
| 072 |
|
7 |
|a 339
|x Obchod
|2 konspekt
|
| 080 |
|
|
|a 339.138
|2 2001
|
| 080 |
|
|
|a (075.3)
|2 2001
|
| 100 |
1 |
|
|a Zámečníková, Zuzana
|4 aut
|9 306721
|
| 245 |
1 |
0 |
|a Marketing pre obchodné akadémie
|c Zuzana Zámečníková, Štefan Rajt
|
| 250 |
|
|
|a 7. vyd.
|
| 260 |
|
|
|a Bratislava
|b Slovenské pedagogické nakladateľstvo - Mladé letá
|c 2008
|
| 300 |
|
|
|a 157 s.
|b grafy, ilustr.
|c 30 cm
|
| 650 |
0 |
7 |
|a marketing
|2 SNKPH
|9 2299
|
| 655 |
|
7 |
|a učebnice stredných škôl
|2 SNKPH
|9 69323
|
| 700 |
1 |
|
|a Rajt, Štefan,
|d 1932-
|4 aut
|9 205465
|
| 919 |
|
|
|a 978-80-10-01478-1
|
| 968 |
|
|
|d 33
|
| 999 |
|
|
|c 605563
|d 607493
|
| 952 |
|
|
|a SNK
|b SNK
|y VYP
|7 0
|p 17A0596666
|o snkSB 76547 D1
|i snk2008/15929
|8 0
|0 0
|1 0
|4 0
|d 2008-08-25
|l 0
|r 2016-06-30 00:00:00
|w 2026-02-23
|
| 952 |
|
|
|a SNK
|b SNK
|y PREZ
|7 0
|p 17A0596667
|o snkSB 76547
|i snk2008/15928
|8 0
|0 0
|1 0
|4 0
|d 2008-08-25
|f 1
|l 0
|r 2025-04-29 00:00:00
|w 2026-02-23
|